| 000 | 00465nam a22001577a 4500 | ||
|---|---|---|---|
| 005 | 20090930033519.0 | ||
| 008 | 090930t xxu||||| |||| 00| 0 eng d | ||
| 020 | _a0-670-87850-2 | ||
| 080 |
_aF _bRAO/T |
||
| 100 |
_aRao, Narasimha P.V. _95729 |
||
| 245 | _aThe insider | ||
| 260 |
_aNew Delhi _bViking _c1998 _95730 |
||
| 300 | _a767p. | ||
| 942 | _cBK | ||
| 952 |
_w2009-09-30 _p00043378 _r2009-09-30 _40 _00 _bUL _10 _oF RAO/T _d2009-09-30 _70 _2udc _yBK _aUL |
||
| 999 |
_c8135 _d8134 |
||